000 00604nam a2200229Ia 4500
003 OSt
005 20220923211942.0
006 a|||||r|||| 00| 0
007 ta
008 220922b |||||||| |||| 00| 0 san d
024 _a75,115
037 _cTextual
040 _aARTS
_cARTS
_bsan
041 _2san
_asan
082 _aR65:6:9, 15L3 P15
100 _aवेदानन्द
_9156277
245 0 _aगीता विवेक
246 _aGītā viveka
260 _c1973
942 _hR65:6:9, 15L3 P15
_cTEXL
_2CC
999 _c304861
_d304861